000
00427nam a22000977a 4500
100
_a
मिश्र,गोविन्द
_9
72991
245
_a
भगवान ने चाहा तो ( बालोपयोगी कहानियॉ )
260
_a
नई दिल्ली
_b
सस्ता साहित्य मण्डल
_c
2016
650
_a
चिल्ड्रन बुक
_9
159
942
_c
HIN
999
_c
63209
_d
63209